000
00213 a2200097 4500
001
24979
100
_a
Walker, M
245
_a
Schwarz-chrisoffel transformation the
260
_a
_b
Dover
_c
090
_c
16925
_d
16925
942
_a
NUST-CAE
_c
M
_c
7697
999
_c
260052
_d
260052